UBT Library

Rural society and environment in America / (Record no. 41002)

000 -LEADER
fixed length control field 00657cam a2200241 i 4500
001 - CONTROL NUMBER
control field 410062
005 - DATE AND TIME OF LATEST TRANSACTION
control field 20180126074504.0
008 - FIXED-LENGTH DATA ELEMENTS--GENERAL INFORMATION
fixed length control field 800804s1981 nyua b 001 0 eng
010 ## - LIBRARY OF CONGRESS CONTROL NUMBER
LC control number 80021098
020 ## - INTERNATIONAL STANDARD BOOK NUMBER
Cancelled/invalid ISBN 0070365830
020 ## - INTERNATIONAL STANDARD BOOK NUMBER
International Standard Book Number 0070099596
040 ## - CATALOGING SOURCE
Original cataloging agency DLC
Transcribing agency DLC
Modifying agency DLC
041 ## - LANGUAGE CODE
Language code of text/sound track or separate title eng
043 ## - GEOGRAPHIC AREA CODE
Geographic area code n-us---
080 ## - UNIVERSAL DECIMAL CLASSIFICATION NUMBER
Universal Decimal Classification number 307.72.0973 joh
082 00 - DEWEY DECIMAL CLASSIFICATION NUMBER
Classification number 307.72.0973 joh
Edition number 19
100 1# - Rafti
Rafti 8
101 ## - Shkurtesa
Shkurtesa mje
245 10 - TITLE STATEMENT
Title Rural society and environment in America /
Statement of responsibility, etc John E. Carlson, Marie L. Lassey, William R. Lassey.
504 ## - BIBLIOGRAPHY, ETC. NOTE
Bibliography, etc Bibliography: p. 392-404.
906 ## - LOCAL DATA ELEMENT F, LDF (RLIN)
a 7
b cbc
c orignew
d 1
e ocip
f 19
g y-gencatlg
942 ## - ADDED ENTRY ELEMENTS (KOHA)
Source of classification or shelving scheme
Item type Books
Holdings
Withdrawn status Lost status Source of classification or shelving scheme Damaged status Not for loan Collection code Permanent location Current location Shelving location Date acquired Total Checkouts Full call number Barcode Date last seen Price effective from Koha item type
          Koleksioni i përgjithshem UBT - Lipjan UBT - Lipjan Koleksioni i përgjithshem 01/26/2018   307.72.0973 joh 002-2996505 01/26/2018 01/26/2018 Books
UBT Library © 2015-2024. All rights reserved University Education for Business and Technology